Employment generation in rural industries of Haryana (Record no. 59682)

000 -LEADER
fixed length control field 00465pab a2200181 454500
008 - FIXED-LENGTH DATA ELEMENTS--GENERAL INFORMATION
fixed length control field 180718b2003 xxu||||| |||| 00| 0 eng d
100 ## - MAIN ENTRY--PERSONAL NAME
Personal name Sardana, Parveen K.
245 ## - TITLE STATEMENT
Title Employment generation in rural industries of Haryana
260 ## - PUBLICATION, DISTRIBUTION, ETC.
Date of publication, distribution, etc. 2003
300 ## - PHYSICAL DESCRIPTION
Extent p.317-22.
362 ## - DATES OF PUBLICATION AND/OR SEQUENTIAL DESIGNATION
Dates of publication and/or sequential designation Jul-Sep
650 ## - SUBJECT ADDED ENTRY--TOPICAL TERM
Topical term or geographic name entry element Employment - India - Haryana
650 ## - SUBJECT ADDED ENTRY--TOPICAL TERM
Topical term or geographic name entry element Employment
700 ## - ADDED ENTRY--PERSONAL NAME
Personal name Sardana, Suman
700 ## - ADDED ENTRY--PERSONAL NAME
Personal name Turan, M.S.
773 ## - HOST ITEM ENTRY
Main entry heading Productivity
909 ## -
-- 59682
Holdings
Withdrawn status Lost status Damaged status Not for loan Permanent Location Current Location Date acquired Serial Enumeration / chronology Barcode Date last seen Price effective from Koha item type
        Indian Institute of Public Administration Indian Institute of Public Administration 2018-07-19 Volume no: 44, Issue no: 2 AR60127 2018-07-19 2018-07-19 Articles

Powered by Koha